[Event "Cannes op"]
[Site "Cannes"]
[Date "1990.??.??"]
[Round "8"]
[White "Alawieh, Amine"]
[Black "Malek, Farabi"]
[Result "1/2-1/2"]
[WhiteElo "2140"]
[BlackElo "2200"]
[PlyCount "29"]
[EventDate "1990.02.??"]
[EventType "swiss"]
[EventRounds "9"]
[EventCountry "FRA"]
[SourceTitle "EXT 1997"]
[Source "ChessBase"]
[SourceDate "1996.11.15"]
[SourceVersion "1"]
[SourceVersionDate "1996.11.15"]
[SourceQuality "1"]

1. d4 e6 2. Nf3 f5 3. g3 Nf6 4. Bg2 d5 5. 0-0 Bd6 6. b3 0-0 7. Ba3 c6 8. c4 Bxa3 9. Nxa3 Qe7 10. Qc1 Nbd7 11. Qb2 b6 12. Nc2 Bb7 13. Ne3 Ne4 14. Rad1 b5 15. cxb5 1/2-1/2

[Event "Cannes op"]
[Site "Cannes"]
[Date "1990.??.??"]
[Round "9"]
[White "Malek, Farabi"]
[Black "Mrdja, Milan"]
[Result "0-1"]
[WhiteElo "2200"]
[BlackElo "2395"]
[PlyCount "78"]
[EventDate "1990.02.??"]
[EventType "swiss"]
[EventRounds "9"]
[EventCountry "FRA"]
[SourceTitle "EXT 1997"]
[Source "ChessBase"]
[SourceDate "1996.11.15"]
[SourceVersion "1"]
[SourceVersionDate "1996.11.15"]
[SourceQuality "1"]

1. d4 Nf6 2. Nf3 g6 3. Bf4 Bg7 4. e3 d6 5. h3 0-0 6. Be2 Nbd7 7. 0-0 Qe8 8. c4 e5 9. Bh2 Ne4 10. Qc2 f5 11. Nc3 Nxc3 12. bxc3 b6 13. Rae1 Kh8 14. Nd2 Bb7 15. Kh1 Qe7 16. f4 Rae8 17. Bg3 Qd8 18. Qa4 a6 19. Bf3 Bxf3 20. Nxf3 Qc8 21. Qb3 exd4 22. exd4 Nf6 23. Qc2 Ne4 24. Bh4 c5 25. d5 h6 26. Nd2 Nf6 27. Bxf6 Bxf6 28. Qd3 Qd7 29. Nf3 Rxe1 30. Rxe1 Re8 31. Re3 Kg7 32. Nd2 Kf7 33. Nb1 h5 34. Qe2 Rxe3 35. Qxe3 Kg7 36. Nd2 Qa4 37. Nf3 Qxc4 38. Ng5 Qxc3 39. Qe2 Qc1+ 0-1